| 000 | 00473 a2200133 4500 | ||
|---|---|---|---|
| 001 | 90740 | ||
| 082 | _a621.380413 CAE | ||
| 090 |
_c42952 _d42952 |
||
| 100 | _aDepartment of Avionics Engineering CAE, PAF Academy, Risalpur | ||
| 245 |
_aAnalog and Digital Communications; Lab manual _cDepartment of Avionics Engineering CAE, PAF Academy, Risalpur _hEnglish |
||
| 260 |
_aRisalpur _bNUST CAE _c2014 |
||
| 300 |
_a345 p. _bprecise |
||
| 500 | _aAvionics Engg textbook | ||
| 942 |
_aCAE NUST _cAV _k621.380413 CAE |
||
| 999 |
_c325813 _d325813 |
||